| 000 | 00685nam a22001937a 4500 | ||
|---|---|---|---|
| 999 |
_c172776 _d172776 |
||
| 005 | 20200212163252.0 | ||
| 010 | _aA-842630 | ||
| 020 |
_c200.00 _a- |
||
| 035 | _aA-842630 | ||
| 037 | _bBPPD | ||
| 082 | _a891.5 | ||
| 100 | _aخا لد ہ حسينی | ||
| 245 |
_aايشيا ٹک سو سا ءٹی کلکتہ کی خد ما ت فا ر سی _cخا لد ہ حسينی |
||
| 246 |
_aAsiatic Society Calcutta Ki Khidmaat Pharsi _bby Khalida Hussaini |
||
| 260 |
_aCalcutta _bKhalida Hussaini _c1997 |
||
| 270 |
_aQasmi Dawakhana No.80,Kolutola Street, _bCalcutta _e700073 _k- _l- _m- |
||
| 300 |
_a312 ص _c21 Cm.(P.b) |
||
| 942 |
_2ddc _cUR _h891.5 _mخ ا ل |
||